Central Library OPAC University of Rajshahi

سازمان فرهنگي ايران ;; Sazman Farhangi, Iran / (Record no. 82678)

MARC details
000 -LEADER
fixed length control field 00546naa a2200193 a 4500
001 - CONTROL NUMBER
control field 82678
003 - CONTROL NUMBER IDENTIFIER
rucl marc code BD-RjUL
005 - DATE AND TIME OF LATEST TRANSACTION
control field 20240118140617.0
008 - FIXED-LENGTH DATA ELEMENTS--GENERAL INFORMATION
fixed length control field 240118s1952 ir ||||| |||| 00| 0 p d
035 ## - SYSTEM CONTROL NUMBER
System control number (BD-RjUL)82678
040 ## - CATALOGING SOURCE
Original cataloging agency BD-RjUL
Language of cataloging eng
Transcribing agency BD-RjUL
041 ## - LANGUAGE CODE
Language code of text/sound track or separate title per
082 ## - DEWEY DECIMAL CLASSIFICATION NUMBER
Edition number 23
Classification number 955
Author mark and year KAS 1952
245 10 - TITLE STATEMENT
Title سازمان فرهنگي ايران ;; Sazman Farhangi, Iran /
Statement of responsibility, etc. علي كني ;; Ali Kani
260 ## - PUBLICATION, DISTRIBUTION, ETC. (IMPRINT)
Place of publication, distribution, etc. Tehran :
Name of publisher, distributor, etc. Dansgah ,
Date of publication, distribution, etc. 1952
300 ## - PHYSICAL DESCRIPTION
Pagination 222 p. ;
Size 23 cm
650 ## - SUBJECT ADDED ENTRY--TOPICAL TERM
Source of heading or term Cultural History
Geographic subdivision Iran
942 ## - ADDED ENTRY ELEMENTS (KOHA)
Source of classification or shelving scheme Dewey Decimal Classification
Koha item type Books
Holdings
Lost status Source of classification or shelving scheme Damaged status Not for loan Collection code Permanent Location Current Location Shelving location Date acquired Total Checkouts Full call number Date last seen Copy number Koha item type
  Dewey Decimal Classification   Not For Loan Non-fiction Central Library, University of Rajshahi Central Library, University of Rajshahi Reading Room 12/05/1955   F 955 KAS 1952 18/01/2024 C-1 Books